| 000 | 00000nam 2200000zi 4500 |
| 001 | 9.942971 |
| 003 | CaOODSP |
| 005 | 20250107144100 |
| 006 | m o d f |
| 007 | cr mn||||||||| |
| 008 | 240909t19861987onc os f001 0 eng d |
| 020 | |a0662548302 |q(print) |
| 040 | |aCaOODSP|beng|erda|cCaOODSP |
| 041 | 0 |aeng|afre |
| 043 | |an-cn--- |
| 045 | |ax8x8 |
| 086 | 1 |aC2-101/1986-PDF |
| 086 | 1 |aC2-101-1986 |
| 245 | 00|aMarket opportunities catalogue : |bimport trends = Catalogue des possibilités du marché : tendance des importations. |
| 246 | 31|aCatalogue des possibilités du marché : |btendance des importations |
| 246 | 14|aMarket opportunities catalogue = |bCatalogue des possibilités du marché |
| 264 | 1|a[Ottawa] : |bMarket Development Branch, Department of Regional Industrial Expansion = Direction générale du développement des marchés, Ministère de l'expansion industrielle régionale, |c1986. |
| 264 | 4|c©1987 |
| 300 | |a1 online resource (xi, 675 pages) |
| 336 | |atext|btxt|2rdacontent |
| 337 | |acomputer|bc|2rdamedia |
| 338 | |aonline resource|bcr|2rdacarrier |
| 500 | |a"December 1986." |
| 500 | |a"PU 2854"--Title page verso. |
| 500 | |a"This catalogue was prepared by: Market Information and Analysis Division, Market Development Branch, …"--Page i. |
| 500 | |aChiefly tables. |
| 500 | |aIncludes index. |
| 500 | |aDigitized edition from print [produced by Innovation, Science and Economic Development Canada]. |
| 546 | |aText in English and French. |
| 650 | 0|aImports|zCanada|vStatistics. |
| 651 | 0|aCanada|xCommerce|vStatistics. |
| 655 | 7|aStatistics|2lcgft |
| 710 | 1 |aCanada. |bDepartment of Regional Industrial Expansion. |bMarket Information and Analysis Division, |eissuing body. |
| 788 | |tMarket opportunities catalogue : |efre|w(CaOODSP)9.942972 |
| 856 | 40|qPDF|s13.71 MB|uhttps://publications.gc.ca/collections/collection_2024/isde-ised/c2/C2-101-1986.pdf |